Biggest City In Every Oregon County - Statistics

General Stats
  • This quiz has been taken 115 times
  • The average score is 23 of 36
Answer Stats
County Population City % Correct
Multnomah 653,115 Portland
100%
Lane 171,245 Eugene
98%
Marion 173,442 Salem
96%
Deschutes 76,639 Bend
87%
Jackson 74,907 Medford
84%
Benton 54,462 Corvallis
82%
Coos 15,967 Coos Bay
80%
Clatsop 9,477 Astoria
78%
Baker 9,828 Baker City
73%
Josephine 34,533 Grants Pass
73%
Washington 108,389 Hillsboro
73%
Hood River 7,167 Hood River
73%
Tillamook 4,935 Tillamook
73%
Klamath 20,840 Klamath Falls
71%
Wasco 13,620 The Dalles
69%
Umatilla 16,745 Hermiston
67%
Clackamas 31,859 Oregon City
67%
Lincoln 9,989 Newport
64%
Douglas 21,181 Roseberg
64%
Harney 2,806 Burns
62%
Yamhill 32,187 McMinnville
62%
Malheur 11,366 Ontario
58%
Linn 50,158 Albany
56%
Jefferson 6,046 Madras
53%
Curry 6,336 Brookings
51%
Grant 1,744 John Day
51%
Lake 2,294 Lakeview
51%
Columbia 12,883 St. Helens
51%
Union 13,082 La Grande
49%
Crook 9,253 Prineville
49%
Polk 14,583 Dallas
47%
Wallowa 1,940 Enterprise
42%
Wheeler 473 Fossil
38%
Sherman 410 Wasco
36%
Morrow 3,220 Boardman
29%
Gilliam 682 Condon
20%
No matching quizzes found
Score Distribution
Percent of People with Each Score
Percentile by Number Answered
Your Score History
You have not taken this quiz